ABSTRACTS ON TROPICAL AGRICULTURE (Record no. 11911)
[ view plain ]
| 000 -LEADER | |
|---|---|
| fixed length control field | 00518nam a2200169Ia 4500 |
| 022 ## - INTERNATIONAL STANDARD SERIAL NUMBER | |
| ISSN | 0304-5951 |
| 245 #0 - TITLE STATEMENT | |
| Title | ABSTRACTS ON TROPICAL AGRICULTURE |
| 246 ## - VARYING FORM OF TITLE | |
| Title proper/short title | Agriculture and Environment for Developing Regions |
| 247 ## - FORMER TITLE | |
| Title | Tropical Abstracts |
| 260 ## - PUBLICATION, DISTRIBUTION, ETC. (IMPRINT) | |
| Name of publisher | Royal Tropical Institute, Amsterdam, The Netherlands |
| 310 ## - CURRENT PUBLICATION FREQUENCY | |
| Current publication frequency | M |
| 500 ## - GENERAL NOTE | |
| General note | End Date: 1995 |
| 500 ## - GENERAL NOTE | |
| General note | Ending Volume & Year: 20, 1995 |
| 500 ## - GENERAL NOTE | |
| General note | Starting Volume & Year: 1, 1975 |
| 942 ## - ADDED ENTRY ELEMENTS (KOHA) | |
| Koha item type | Bound Journal |
| Withdrawn status | Lost status | Damaged status | Not for loan | Home library | Current library | Date acquired | Accession Number | Koha item type |
|---|---|---|---|---|---|---|---|---|
| Bound journals | RRII Library | RRII Library | 31/12/2021 | 11791J | Bound Journal |